000 00362nam a2200145Ia 4500
008 230917s9999||||xx |||||||||||||| ||und||
040 _e134304
_aMAIN
041 _aEnglish
082 _a823.7 D555H
100 _aDickens, Charles
245 0 _aHard Times for These Times
260 _aNew Delhi
_bAtlantic Publishers
_c2004
300 _a299 p.
942 _cBK
999 _c143983
_d143983